भाषा साहित्य और संस्कृति (Record no. 14752)

MARC details
000 -LEADER
fixed length control field 01298nam a22002777a 4500
005 - DATE AND TIME OF LATEST TRANSACTION
control field 20080807164233.0
008 - FIXED-LENGTH DATA ELEMENTS--GENERAL INFORMATION
fixed length control field 080807t xxu||||| |||| 00| 0 hin d
010 ## - LCCN (DPL NO)
LC control number HIN-83885
020 ## - INTERNATIONAL STANDARD BOOK NUMBER
Terms of availability 180.00
International Standard Book Number 8125032363
035 ## - SYSTEM CONTROL NUMBER
System control number HN-56231
037 ## - SOURCE OF ACQUISITION
Source of stock number/acquisition DBAD / PUB
040 ## - CATALOGING SOURCE
Original cataloging agency DPL
Language of cataloging HN
082 ## - DEWEY DECIMAL CLASSIFICATION NUMBER
Classification number 820.9
245 ## - TITLE STATEMENT
Title भाषा साहित्य और संस्कृति
Statement of responsibility, etc विमलेश कान्ति वर्मा तथा मालती द्वारा संपादित
246 ## - VARYING FORM OF TITLE
Title proper/short title Bhasha sahitya aur sanskriti
Remainder of title edited by Vimlesh Kanti Verma and Malti
260 ## - PUBLICATION, DISTRIBUTION, ETC. (IMPRINT)
Place of publication, distribution, etc नई दिल्ली
Name of publisher, distributor, etc ओरियंट लोंग्मऐन
Date of publication, distribution, etc 2007
270 ## - ADDRESS
Address 1/24 Aasaf Ali Road
City New Delhi
Postal code 110002
300 ## - PHYSICAL DESCRIPTION
Extent 96पृ
Dimensions 22सेमी (सजिल्द)
650 ## - SUBJECT ADDED ENTRY--TOPICAL TERM
Topical term or geographic name as entry element हिन्दी भाषा
650 ## - SUBJECT ADDED ENTRY--TOPICAL TERM
Topical term or geographic name as entry element हिन्दी साहित्य
650 ## - SUBJECT ADDED ENTRY--TOPICAL TERM
Topical term or geographic name as entry element संस्कृति
650 ## - SUBJECT ADDED ENTRY--TOPICAL TERM
Topical term or geographic name as entry element Hindi Literature
General subdivision Hindi Language
650 ## - SUBJECT ADDED ENTRY--TOPICAL TERM
Topical term or geographic name as entry element Culture
942 ## - ADDED ENTRY ELEMENTS (KOHA)
Source of classification or shelving scheme Dewey Decimal Classification
Item type Hindi Books
Classification part 820.9
Call number suffix वर्मावि
Holdings
Withdrawn status Lost status Damaged status Not for loan Collection code Home library Current library Date acquired Source of acquisition Cost, normal purchase price Total Checkouts Full call number Barcode Date last seen Copy number Cost, replacement price Koha item type
      Not For Loan Non-fiction D.B.Act.Division D.B.Act.Division 07/08/2008 DBAD / PUB 180.00   820.9 वर्मावि HN-56231 15/09/2008 1 180.00 Hindi Books

© Delhi Public Library
Hit Counter
free hit counter